España en 1700 (Record no. 69091)

MARC details
000 -LEADER
campo de control de longitud fija 00961nam a2200289 i 4500
001 - NÚMERO DE CONTROL
campo de control 69091
003 - IDENTIFICADOR DE NÚMERO DE CONTROL
campo de control ES-MaACL
005 - FECHA Y HORA DE LA ÚLTIMA TRANSACCIÓN
campo de control 20250804030234.0
007 - CAMPO FIJO DE DESCRIPCIÓN FÍSICA--INFORMACIÓN GENERAL
campo de control de longitud fija t|
008 - DATOS DE LONGITUD FIJA--INFORMACIÓN GENERAL
campo de control de longitud fija 040909s2001 sp ||||1| spa d
020 ## - NÚMERO INTERNACIONAL ESTÁNDAR DEL LIBRO
Número Internacional Estándar del Libro 84-95503-18-2
080 ## - NÚMERO DE LA CLASIFICACIÓN DECIMAL UNIVERSAL
Número de la Clasificación Decimal Universal 946.0"1655/1700"
080 ## - NÚMERO DE LA CLASIFICACIÓN DECIMAL UNIVERSAL
Número de la Clasificación Decimal Universal 946.0"1700/14"
100 0# - ENTRADA PRINCIPAL--NOMBRE DE PERSONA
Nombre de persona García Cárcel, Ricardo,
Fechas asociadas al nombre 1948-
9 (RLIN) 54339
245 10 - MENCIÓN DEL TÍTULO
Título España en 1700
Resto del título : ¿Austrias o Borbones? /
Mención de responsabilidad, etc. Ricardo García Cárcel, Rosa María Alabrús Iglesias.
250 ## - MENCION DE EDICION
Mención de edición 1ª ed.
260 ## - PUBLICACIÓN, DISTRIBUCIÓN, ETC.
Lugar de publicación, distribución, etc. Madrid :
Nombre del editor, distribuidor, etc. Arlanza,
Fecha de publicación, distribución, etc. 2001.
300 ## - DESCRIPCIÓN FÍSICA
Extensión 131 p. ;
Dimensiones 23 cm.
490 1# - MENCIÓN DE SERIE
Mención de serie Los Borbones ;
Designación de volumen o secuencia 1
504 ## - NOTA DE BIBLIOGRAFÍA, ETC.
Nota de bibliografía, etc. Bibliografía: p. 121-124.
650 #7 - PUNTO DE ACCESO ADICIONAL DE MATERIA--TÉRMINO DE MATERIA
Término de materia o nombre geográfico como elemento de entrada Guerra de Sucesión española, 1700-1714
Fuente del encabezamiento o término embne
9 (RLIN) 140912
651 #4 - PUNTO DE ACCESO ADICIONAL DE MATERIA--NOMBRE GEOGRÁFICO
Nombre geográfico España-
Subdivisión general Historia-
Subdivisión cronológica 1665-1700, Carlos II.
9 (RLIN) 8236
700 1# - ENTRADA AGREGADA--NOMBRE PERSONAL
Nombre de persona Alabrús Iglesias, Rosa María.
9 (RLIN) 19071
830 0# - PUNTO DE ACCESO ADICIONAL DE SERIE-TÍTULO UNIFORME
Título uniforme Los Borbones ;
Designación de volumen o secuencia 1
9 (RLIN) 183244
852 ## - LOCALIZACIÓN
Ubicación ES-MaACL
Número de control de estantería L-28072
Sublocalización o colección R.134044
Holdings
Estatus retirado Estado de pérdida Estado de daño No para préstamo Biblioteca de origen Biblioteca actual Ubicación en estantería Fecha de adquisición Fuente de adquisición Total de préstamos Signatura topográfica completa Código de barras Visto por última vez Precio de reemplazo Tipo de ítem Koha
        Biblioteca del Ateneo de Madrid Biblioteca del Ateneo de Madrid Depósito 2 17/01/2008     L-28072 1072350 23/02/2023 23/02/2023 Libro impreso